| 000 | 00349pab a2200145 454500 | ||
|---|---|---|---|
| 008 | 180718b1997 xxu||||| |||| 00| 0 eng d | ||
| 100 | _aGupta, S.K. | ||
| 245 | _aManagement of non-performing assets in regional rural banks | ||
| 260 | _c1997 | ||
| 300 | _ap.53-54 | ||
| 362 | _aJuly | ||
| 650 | _aBanks | ||
| 773 | _aKurukshetra | ||
| 909 | _a34658 | ||
| 999 |
_c34658 _d34658 |
||